Welcome to the Holygrace Academy Library

Please use search bar below to get started

MRS.DALLOWAY (Record no. 3305)

MARC details
000 -LEADER
fixed length control field 00713nam a22001577a 4500
020 ## - INTERNATIONAL STANDARD BOOK NUMBER
ISBN 978-81-291-4012-8
082 ## - DEWEY DECIMAL CLASSIFICATION NUMBER
Classification number 823
Item number DAL/V
100 ## - MAIN ENTRY--AUTHOR NAME
Personal name WOOLF, VIRGINIA
245 ## - TITLE STATEMENT
Title MRS.DALLOWAY
246 ## - VARYING FORM OF TITLE
Title proper/short title MRS.DALLOWAY
Remainder of title MRS.DALLOWAY
260 ## - PUBLICATION, DISTRIBUTION, ETC. (IMPRINT)
Place of publication DELHI
Name of publisher RUPA PUBLICATIONS
Year of publication 2018
300 ## - PHYSICAL DESCRIPTION
Number of Pages 201
520 ## - SUMMARY, ETC.
Summary, etc The book describes Clarissa's preparations for a party she will host in the evening and the ensuing party. With an interior perspective, the story travels forwards and backwards in time, to construct an image of Clarissa's life and the inter-war social structure. The novel addresses the nature of time in personal experience through multiple interwoven stories.
650 ## - SUBJECT ADDED ENTRY--TOPICAL TERM
Topical Term NOVEL
Geographic subdivision INDIA
942 ## - ADDED ENTRY ELEMENTS (KOHA)
Koha item type Books
Holdings
Withdrawn status Lost status Collection code Home library Current library Shelving location Date acquired Source of acquisition Cost, normal purchase price Full call number Accession Number Koha item type
    Fiction Main Library Main Library SHELF 15B-U,V,W SECTION NOVELS& FICTION 18/01/2019 purchase 150.00 823 VIR/D 10511 Books